[Event "NED-ch U16/18 Girls"]
[Site "Almelo"]
[Date "2022.05.04"]
[Round "4"]
[White "Venema, Katja"]
[Black "Honkoop, Stella"]
[Result "1/2-1/2"]
[WhiteElo "1692"]
[BlackElo "1711"]
[PlyCount "157"]
[EventDate "2022.05.01"]
[EventType "swiss"]
[EventRounds "9"]
[EventCountry "NED"]
[SourceTitle "EXT 2023"]
[Source "ChessBase"]
[SourceDate "2022.10.05"]
[SourceVersion "1"]
[SourceVersionDate "2022.10.05"]
[SourceQuality "1"]

1. d4 Nf6 2. c4 g6 3. Nc3 Bg7 4. e4 d6 5. Nf3 0-0 6. Be2 e5 7. Bg5 Nbd7 8. dxe5 dxe5 9. 0-0 a5 10. Qc2 c6 11. Rad1 Qc7 12. Ne1 Nc5 13. Be3 Ne6 14. Qc1 Re8 15. f3 Nh5 16. Nd3 Nef4 17. Nf2 Bd7 18. Rfe1 Nxe2+ 19. Rxe2 f5 20. Red2 Be6 21. Na4 f4 22. Bb6 Qf7 23. b3 g5 24. Nc5 Nf6 25. Qc3 g4 26. Nxe6 Qxe6 27. Rd6 Qf7 28. fxg4 Bf8 29. R6d3 Bb4 30. Qc2 Qg6 31. Qe2 a4 32. c5 axb3 33. axb3 Ba5 34. Bxa5 Rxa5 35. b4 Ra4 36. Qb2 Raa8 37. Rd6 Qg7 38. h3 Re7 39. Qb3+ Kf8 40. Rd8+ Rxd8 41. Rxd8+ Ne8 42. Rb8 Rd7 43. b5 Qe7 44. bxc6 bxc6 45. Qc3 Rd4 46. Rb4 Rxb4 47. Qxb4 Nf6 48. Nd3 Nd7 49. Qb7 Qe6 50. Qc8+ Ke7 51. Nb4 Nxc5 52. Qc7+ Nd7 53. Nxc6+ Kf6 54. Nb4 Qb6+ 55. Qxb6+ Nxb6 56. Kf2 Nc4 57. h4 Nd2 58. Nd5+ Ke6 59. Nc3 Nc4 60. g3 fxg3+ 61. Kxg3 Nd2 62. g5 Nc4 63. h5 Nd6 64. g6 h6 65. Kg4 Ne8 66. Nd5 Ng7 67. Ne3 Ne8 68. Nf5 Nf6+ 69. Kf3 Nxh5 70. Kg4 Nf6+ 71. Kh4 Nxe4 72. g7 Nf6 73. Nxh6 e4 74. Kg3 Nh5+ 75. Kf2 Nxg7 76. Ke3 Nf5+ 77. Kf4 e3 78. Nxf5 e2 79. Nd4+ 1/2-1/2

[Event "NED-ch U16/18 Girls"]
[Site "Almelo"]
[Date "2022.05.02"]
[Round "2"]
[White "Venema, Katja"]
[Black "Martinez, Sara"]
[Result "0-1"]
[WhiteElo "1692"]
[BlackElo "1651"]
[PlyCount "80"]
[EventDate "2022.05.01"]
[EventType "swiss"]
[EventRounds "9"]
[EventCountry "NED"]
[SourceTitle "EXT 2023"]
[Source "ChessBase"]
[SourceDate "2022.10.05"]
[SourceVersion "1"]
[SourceVersionDate "2022.10.05"]
[SourceQuality "1"]

1. d4 d5 2. c4 e6 3. Nc3 c5 4. cxd5 cxd4 5. Qxd4 Nc6 6. Qd1 exd5 7. Qxd5 Bd6 8. Nf3 Nf6 9. Qd1 0-0 10. Bg5 h6 11. Bh4 g5 12. Bg3 Bb4 13. a3 Bxc3+ 14. bxc3 Qa5 15. Rc1 Ne4 16. Qb3 Rd8 17. e3 Nc5 18. Qa2 Be6 19. Qb2 Nb3 20. Rc2 Qd5 21. Be2 Bf5 22. c4 Qa5+ 23. Rc3 Nc5 24. Qc1 Na4 25. Bc7 Qxc7 26. Rb3 Nc5 27. Rc3 Nd3+ 28. Bxd3 Bxd3 29. h4 g4 30. Nd2 Qe5 31. Rb3 Qe6 32. Rxb7 Rab8 33. Rxb8 Rxb8 34. Qc3 Ne5 35. c5 Ba6 36. Kd1 Nd3 37. Rf1 Nb2+ 38. Kc1 Bxf1 39. Nxf1 Qd5 40. Nd2 Nd3+ 0-1

[Event "NED-ch U16/U18 Girls"]
[Site "Almelo"]
[Date "2021.08.04"]
[Round "4"]
[White "Honkoop, Stella"]
[Black "Venema, Katja"]
[Result "1-0"]
[WhiteElo "1573"]
[BlackElo "1356"]
[PlyCount "83"]
[EventDate "2021.08.01"]
[EventType "swiss"]
[EventRounds "7"]
[EventCountry "NED"]
[SourceTitle "EXT 2022"]
[Source "ChessBase"]
[SourceDate "2021.10.06"]
[SourceVersion "1"]
[SourceVersionDate "2021.10.06"]
[SourceQuality "1"]

1. d4 d5 2. c4 c6 3. Nc3 Nf6 4. Nf3 g6 5. Bf4 Bg7 6. e3 Bf5 7. Qb3 Qb6 8. cxd5 Nxd5 9. Nxd5 cxd5 10. Bxb8 Qa5+ 11. Nd2 Rxb8 12. Bb5+ Bd7 13. Bxd7+ Kxd7 14. Rc1 e6 15. Rc5 Qa6 16. Qc2 Rhc8 17. Nb3 Qxa2 18. 0-0 Rxc5 19. Nxc5+ Kd8 20. Rc1 Qc4 21. Qd2 Qb5 22. h3 Bf8 23. Nd3 Rc8 24. Ra1 a6 25. Ra5 Qb3 26. Ra1 Bd6 27. g3 Ke7 28. Kg2 h5 29. Kg1 Rc4 30. Nc1 Qc2 31. Qxc2 Rxc2 32. b3 Bb4 33. Kf1 a5 34. Rb1 Kf6 35. Nd3 Bc3 36. h4 Kf5 37. f3 b6 38. Ne5 f6 39. Nd3 Rh2 40. Nf2 Bd2 41. g4+ hxg4 42. fxg4# 1-0

[Event "NED-ch U16/U18 Girls"]
[Site "Almelo"]
[Date "2021.08.02"]
[Round "2"]
[White "Venema, Katja"]
[Black "Bogouslavskii, Veronique"]
[Result "1-0"]
[WhiteElo "1356"]
[BlackElo "1207"]
[PlyCount "193"]
[EventDate "2021.08.01"]
[EventType "swiss"]
[EventRounds "7"]
[EventCountry "NED"]
[SourceTitle "EXT 2022"]
[Source "ChessBase"]
[SourceDate "2021.10.06"]
[SourceVersion "1"]
[SourceVersionDate "2021.10.06"]
[SourceQuality "1"]

1. d4 f5 2. Nf3 Nf6 3. c4 g6 4. g3 Bg7 5. Bg2 d6 6. 0-0 0-0 7. Nc3 Qe8 8. Bf4 Na6 9. Rb1 Qf7 10. b3 Bd7 11. Ng5 Qe8 12. Bxb7 h6 13. Nf3 g5 14. Bd2 e5 15. dxe5 dxe5 16. Bxa6 e4 17. Nd4 Ng4 18. Nc2 Qh5 19. h4 gxh4 20. Bf4 hxg3 21. Bxg3 f4 22. Qd5+ Qxd5 23. Nxd5 fxg3 24. fxg3 Be5 25. Bb7 Rae8 26. Kg2 c6 27. Rxf8+ Kxf8 28. Rf1+ Kg7 29. Nde3 Nxe3+ 30. Nxe3 Rb8 31. Nf5+ Kh7 32. Nd6 Kg6 33. Nf7 Bf6 34. Nd6 Be5 35. Nf7 Bc3 36. Ba6 Be6 37. Nd6 Be5 38. c5 Rg8 39. Bc4 Bxc4 40. Nxc4 Bd4 41. b4 Bc3 42. a3 h5 43. Rd1 Kf5 44. Rf1+ Ke6 45. Nd6 Be5 46. Nxe4 Bb2 47. Rf3 Rg4 48. Nd6 Rg7 49. Kf2 Bd4+ 50. e3 Bb2 51. Nc4 Bf6 52. e4 Bd4+ 53. Ke2 Rg4 54. Kd3 Bg1 55. Na5 Bh2 56. Nxc6 Rxg3 57. Rxg3 Bxg3 58. Nd4+ Kd7 59. Ne2 Be5 60. Ng1 h4 61. Kc4 Kc6 62. b5+ Kc7 63. Kd5 Bf4 64. e5 Be3 65. Nh3 Kd7 66. c6+ Kd8 67. Kd6 Bb6 68. e6 Bc7+ 69. Kd5 Ke7 70. a4 Kf6 71. Nf2 Ke7 72. Nh3 Kf6 73. Ng5 Ke7 74. Ke4 Bd6 75. Kf3 h3 76. Nxh3 Kxe6 77. Ke4 Bc5 78. Ng5+ Kd6 79. Nf7+ Kc7 80. Kd5 Be7 81. Ne5 Bb4 82. Nc4 Be1 83. Nd6 Bb4 84. Ne8+ Kc8 85. c7 Kd7 86. Kc4 Ba5 87. Kc5 Bb6+ 88. Kb4 Kc8 89. a5 Be3 90. Kc4 Bf2 91. Kd5 Kd7 92. Kc4 Kc8 93. b6 Bxb6 94. axb6 axb6 95. Kb4 Kd7 96. Kb5 Kc8 97. Kxb6 1-0